| 000 | 01390cam a2200361 a 4500 | ||
|---|---|---|---|
| 001 | 13109830 | ||
| 003 | EG-ScBUE | ||
| 005 | 20220313125805.0 | ||
| 008 | 030304s2004 enk f 00| 1 eng d | ||
| 020 | _a075382017X | ||
| 020 | _a9780753820179 | ||
| 040 |
_aDLC _beng _erda _cDLC _dDLC _dEG-ScBUE |
||
| 041 | 1 |
_aeng _hfre |
|
| 082 | 0 | 4 |
_a843.92 _222 _bTHO |
| 100 | 1 |
_aThomas, Chantal, _d1945- _eauthor. _922900 |
|
| 240 | 1 | 0 |
_aLes Adieux a la Reine. _lEnglish |
| 245 | 1 | 0 |
_aFarewell, My Queen / _cChantal Thomas ; translated by Moishe Black. |
| 264 | 1 |
_aLondon : _bPhoenix, _c2004. |
|
| 300 |
_a247 pages ; _c22 cm |
||
| 336 |
_2rdacontent _atext _btxt |
||
| 337 |
_2rdamedia _aunmediated _bn |
||
| 338 |
_2rdacarrier _avolume _bnc |
||
| 546 | _aText in English ; translated from the original French language. | ||
| 600 | 1 | 7 |
_922897 _aMarie Antoinette _cQueen, consort of Louis XVI, King of France, _d1755-1793 _vFiction. _2BUEsh |
| 650 | _2BUEsh | ||
| 651 | 7 |
_922898 _aFrance _xHistory _yLouis XVI, 1774-1793 _vFiction. _2BUEsh |
|
| 651 | 7 |
_922899 _aFrance _xHistory _yRevolution, 1789-1799 _vFiction. _2BUEsh |
|
| 653 |
_cApril2011 _bHHUUEENN |
||
| 655 |
_aHistorical fiction. _vReading book |
||
| 700 | 1 |
_aBlack, Moishe. _etranslator. _922901 |
|
| 942 |
_2ddc _cBB |
||
| 999 |
_c15072 _d15072 |
||